00425nam a2200181Ia 4500008004100000020001800041050001400059100002200073245002700095245002200122260001500144260001600159260000900175300001400184300002700198300001000225500000800235170918s9999 xx 000 0 und d a9780545390712 bP762 2010 aPolacco, Patricia 4aThe junkyard wonders / cPatricia Polacco. aNew York : bScholastic, c2010 aunpaged : bcolored illustration ; c28cm. a660